| 000 | 00405cam a2200169ua 4500 | ||
|---|---|---|---|
| 020 | _c2.50 | ||
| 041 |
_aeng _h |
||
| 082 |
_a291.5 _bSAR/HI |
||
| 100 | _aSarma, D.S . | ||
| 245 |
_aHindusam through the ages / _cD.S.Sarma. _hTextual Documents |
||
| 260 |
_aMumbai : _bBharatiya Vidya Bhavan , _c1961. |
||
| 300 | _a284 ; . | ||
| 365 | _a2.50 | ||
| 504 | _a | ||
| 942 | _cBK | ||
| 999 |
_c1628 _d1628 |
||